000 nam a22 7a 4500
999 _c51053
_d51053
003 OSt
005 20211122110617.0
008 211122b xxu||||| |||| 00| 0 eng d
040 _csero soft
100 _aMishr.Rahul
245 _aShiksha Darshinik Evem Samazshastriya Dristikon
260 _aDelhi
_bDobba House
300 _a186
942 _2ddc
_c02